000 01392cam a2200229 4500
001 WB@3612-409
008 041019n2004 000 0 eng u
035 _a(Sirsi) u127760
245 _aHigh density not low quality
260 _c2004
490 _aPlanning (for the Natural and Built Environment)
_v15 October 2004, 1 (1)
520 _aA new report from the London Housing Federation will help ensure that today's higher density housing developments do not repeat the mistakes of the past. London, in particular, is facing up to a severe shortage of affordable housing for families and "Higher density housing for families: a design and specification guide" outlines the features needed to ensure family housing built at higher densities is popular and successful. The report advises that family homes need gardens, balconies or terraces. It also suggests that they should incorporate flexible layouts, sound insulation and storage arrangements. For the full report go to: http://www.housing.org.uk/newsroom/view.asp?newsid =370&title=High+Density+not+low+quality%3A+report+ sets+standards+for+future+of+family+housing.
590 _aWB
590 _aWB
650 _aHIGH DENSITY HOUSING
650 _aHOUSING SUPPLY
650 _aHIGH DENSITY DEVELOPMENT
650 _aAffordable housing
_96215
650 _aFAMILY HOMES
690 _aHOUSING-DEVELOPMENT
942 _n0
999 _c118191
_d118191